[Event "IMSA World Masters Blitz"]
[Site "Hengshui CHN"]
[Date "2019.05.17"]
[Round "1.1"]
[White "Andreikin, Dmitry"]
[Black "Le, Quang Liem"]
[Result "1/2-1/2"]
[WhiteTitle "GM"]
[BlackTitle "GM"]
[WhiteElo "2722"]
[BlackElo "2704"]
[WhiteFideId "4158814"]
[BlackFideId "12401137"]
[EventDate "2019.05.17"]

1. e4 c5 2. Nf3 Nc6 3. Nc3 e5 4. Bc4 Be7 5. d3 d6 6. Ng5 Nh6 7. Qh5 O-O 8. Nd5
Nd4 9. O-O b5 10. Nxe7+ Qxe7 11. Bd5 Bb7 12. Bxb7 Qxb7 13. c3 Nc6 14. Nh3 f5 15.
Bxh6 gxh6 16. Qxh6 Qe7 17. f4 Kh8 18. fxe5 Nxe5 19. exf5 Rf6 20. Qh4 Raf8 21.
Nf4 Qf7 22. Ne6 Rg8 23. d4 Rxf5 24. dxe5 Qxe6 25. Rxf5 Qxf5 26. exd6 Qg6 27. Qg3
Qf6 28. Qd3 Qg5 29. g3 Rd8 30. d7 Qe7 31. Rf1 Rxd7 32. Qf3 Rd8 33. Qf6+ Qxf6 34.
Rxf6 a5 35. Rf5 Rd1+ 36. Kg2 b4 37. Rxc5 Rd2+ 38. Kh3 Rxb2 39. cxb4 axb4 40. Ra5
b3 41. axb3 Rxb3 42. Kh4 Rb7 43. g4 Kg7 44. Kh5 Rc7 45. h4 Rb7 46. g5 Rc7 47.
Ra6 Rb7 48. Ra4 Rc7 49. Kg4 h6 50. Ra6 hxg5 51. hxg5 Rc1 52. Ra7+ Kg6 53. Ra6+
Kg7 54. Ra7+ Kg6 55. Ra6+ Kg7 1/2-1/2

[Event "IMSA World Masters Blitz"]
[Site "Hengshui CHN"]
[Date "2019.05.17"]
[Round "1.4"]
[White "Jones, Gawain C B"]
[Black "Mamedov, Rauf"]
[Result "1-0"]
[WhiteTitle "GM"]
[BlackTitle "GM"]
[WhiteElo "2702"]
[BlackElo "2650"]
[WhiteFideId "409561"]
[BlackFideId "13401653"]
[EventDate "2019.05.17"]

1. e4 c5 2. Nf3 Nc6 3. Bb5 g6 4. O-O Bg7 5. Re1 e5 6. Bxc6 dxc6 7. a4 Qe7 8. d3
Nf6 9. Bg5 h6 10. Be3 Nd7 11. Na3 Nf8 12. Nc4 Bg4 13. h3 Bxf3 14. Qxf3 Ne6 15.
Qg3 Qc7 16. h4 h5 17. Bd2 Nd4 18. Rac1 O-O 19. f4 exf4 20. Bxf4 Qd8 21. Bd6 Re8
22. Bxc5 Bf6 23. Qf2 Ne6 24. Rf1 Nxc5 25. Qxf6 Qxf6 26. Rxf6 Nxa4 27. Rcf1 Re7
28. e5 Nc5 29. Nd6 Rf8 30. d4 Ne6 31. c3 Ng7 32. R6f4 Ne6 33. R4f2 a6 34. Ne4
Kg7 35. Rd2 Nc7 36. c4 Rd8 37. Nd6 c5 38. Rdf2 Rf8 39. d5 Ne8 40. Ne4 Rxe5 41.
Nxc5 Nd6 42. Ne6+ fxe6 43. Rxf8 exd5 44. cxd5 Nf5 45. Rd8 b5 46. Rd1 Re2 47. d6
Ne3 48. d7 Nxd1 49. Rg8+ Kxg8 50. d8=Q+ Kh7 51. Qxd1 Re4 52. Qd7+ Kh6 53. Qd8
Kh7 54. Qd6 a5 55. Qd7+ Kh6 56. Qxb5 a4 57. Qb8 1-0

[Event "IMSA World Masters Blitz"]
[Site "Hengshui CHN"]
[Date "2019.05.17"]
[Round "1.5"]
[White "Yu, Yangyi"]
[Black "Fedoseev, Vladimir3"]
[Result "1/2-1/2"]
[WhiteTitle "GM"]
[BlackTitle "GM"]
[WhiteElo "2739"]
[BlackElo "2683"]
[WhiteFideId "8603820"]
[BlackFideId "24130737"]
[EventDate "2019.05.17"]

1. e4 c5 2. Nc3 Nc6 3. Nf3 e5 4. Bc4 d6 5. O-O Be7 6. d3 Nf6 7. h3 Nd7 8. Nd5
Nb6 9. Nxb6 axb6 10. c3 O-O 11. Be3 Kh8 12. Nd2 f5 13. f3 f4 14. Bf2 Bh4 15. Bd5
Bxf2+ 16. Rxf2 Ne7 17. c4 Rf6 18. Kf1 Nc6 19. Bxc6 bxc6 20. a4 Qc7 21. b3 Be6
22. Nb1 g5 23. Nc3 h5 24. Ke2 Kg7 25. Kd2 Rg6 26. Kc2 g4 27. hxg4 hxg4 28. Kb2
Rh8 29. Qd2 Rh2 30. g3 fxg3 31. Rxh2 gxh2 32. fxg4 Qf7 33. Qxh2 Qf4 34. Rh1
Qxh2+ 35. Rxh2 Rxg4 36. Kc2 Rg3 37. Ne2 Rg6 38. Kd2 Rg5 39. Ke3 Rg6 40. Kf2 Rf6+
41. Ke3 Rg6 42. Rh1 Kf6 43. Rh8 Rg2 44. Kf3 Rg7 45. Ng3 Bg4+ 46. Ke3 Ke6 47.
Rh6+ Kd7 48. Rf6 Rh7 49. Nf5 Rh3+ 50. Kd2 Rh2+ 51. Kc1 Bxf5 52. Rxf5 Ke6 53. Rg5
Kf6 54. Rf5+ Ke6 55. Rf8 Kd7 56. Rf7+ Kc8 57. Rg7 Rf2 58. Rh7 Rg2 59. Rf7 Rh2
60. Rg7 Rf2 61. Rh7 Rg2 62. Rf7 Rh2 63. Rg7 Rf2 64. Rh7 Rg2 65. Rf7 Rh2 66. Rg7
Rf2 67. Rh7 1/2-1/2

[Event "IMSA World Masters Blitz"]
[Site "Hengshui CHN"]
[Date "2019.05.17"]
[Round "1.6"]
[White "Ponomariov, Ruslan"]
[Black "Leko, Peter"]
[Result "1-0"]
[WhiteTitle "GM"]
[BlackTitle "GM"]
[WhiteElo "2675"]
[BlackElo "2674"]
[WhiteFideId "14103320"]
[BlackFideId "703303"]
[EventDate "2019.05.17"]

1. e4 e5 2. Nf3 Nc6 3. Bb5 Nf6 4. d3 Bc5 5. O-O Nd4 6. Nxd4 Bxd4 7. c3 Bb6 8.
Ba4 c6 9. Bb3 d6 10. Nd2 a5 11. Nf3 O-O 12. Re1 Qe7 13. h3 h6 14. Be3 Bc7 15.
Bc2 Re8 16. d4 Be6 17. Qd2 Rad8 18. b3 d5 19. exd5 Rxd5 20. c4 Rdd8 21. Qc3 e4
22. Nd2 Bf5 23. Nf1 Bg6 24. Rad1 Nh5 25. d5 cxd5 26. cxd5 Bd6 27. Qxa5 Bb4 28.
d6 Bxd6 29. Qb5 Rc8 30. Bb1 Nf4 31. Bxf4 Bxf4 32. Ne3 Bb8 33. Rd7 Qf6 34. Rxb7
h5 35. Rd7 h4 36. Nf1 Re5 37. Qb7 Rce8 38. Rc1 Kh7 39. Ne3 Qf4 40. Rc8 R5e6 41.
Rxe8 Qh2+ 42. Kf1 Rxe8 43. Ke2 Bf4 44. Rxf7 Bh6 45. Re7 Rf8 46. Bxe4 Bxe4 47.
Qxe4+ Kh8 48. Re8 1-0

[Event "IMSA World Masters Blitz"]
[Site "Hengshui CHN"]
[Date "2019.05.17"]
[Round "1.7"]
[White "Vidit, Santosh Gujrathi"]
[Black "Rapport, Richard"]
[Result "0-1"]
[WhiteTitle "GM"]
[BlackTitle "GM"]
[WhiteElo "2707"]
[BlackElo "2736"]
[WhiteFideId "5029465"]
[BlackFideId "738590"]
[EventDate "2019.05.17"]

1. d4 g6 2. Nf3 Bg7 3. c4 Nf6 4. g3 b6 5. Bg2 Bb7 6. O-O O-O 7. d5 Na6 8. Nc3
Nc5 9. Nd4 a5 10. e4 e5 11. Nc2 d6 12. b3 Bc8 13. Rb1 Bd7 14. a3 a4 15. b4 Nb3
16. Bb2 h5 17. h4 Ng4 18. f3 Nh6 19. Qd3 f5 20. Ne2 f4 21. gxf4 Qxh4 22. fxe5
dxe5 23. Qe3 Nf7 24. f4 Nd6 25. Qd3 exf4 26. Bxg7 Kxg7 27. Ncd4 Nxd4 28. Qxd4+
Kh7 29. e5 Bh3 30. exd6 Bxg2 31. Kxg2 Qg4+ 32. Kf2 Rae8 33. Rfe1 Qh4+ 34. Kf1
Qh3+ 35. Kf2 Re3 36. Ng1 Qg3+ 37. Kf1 f3 38. Qd2 f2 0-1

[Event "IMSA World Masters Blitz"]
[Site "Hengshui CHN"]
[Date "2019.05.17"]
[Round "1.8"]
[White "Bu, Xiangzhi"]
[Black "Gelfand, Boris"]
[Result "1-0"]
[WhiteTitle "GM"]
[BlackTitle "GM"]
[WhiteElo "2729"]
[BlackElo "2676"]
[WhiteFideId "8601445"]
[BlackFideId "2805677"]
[EventDate "2019.05.17"]

1. Nf3 d5 2. d4 Nf6 3. c4 e6 4. Nc3 c6 5. e3 Nbd7 6. Qc2 Bd6 7. Be2 O-O 8. O-O
dxc4 9. Bxc4 b5 10. Be2 Bb7 11. Rd1 Qc7 12. e4 e5 13. g3 Rfe8 14. dxe5 Nxe5 15.
Nd4 Neg4 16. Bxb5 cxb5 17. Ndxb5 Qc5 18. Nxd6 Bxe4 19. Ndxe4 Nxe4 20. Rd5 Qc6
21. Qa4 Qxa4 22. Nxa4 Nexf2 23. Kg2 Re1 24. h3 Nf6 25. Rf5 N2e4 26. Nc3 Nxc3 27.
bxc3 Rd8 28. Rf1 Rxf1 29. Kxf1 Rd1+ 30. Ke2 Rh1 31. Kf3 h5 32. h4 Ng4 33. Bb2
Rh2 34. Ba3 Rd2 35. Ke4 Nf6+ 36. Ke3 Rc2 37. Kd3 Rg2 38. Bd6 Rf2 39. c4 Ne8 40.
Bf4 f6 41. Re1 Kf7 42. Re2 Rf1 43. c5 Rf3+ 44. Kc4 g5 45. Bb8 gxh4 46. gxh4 Rh3
47. Bxa7 Rxh4+ 48. Kb5 Nc7+ 49. Kc6 Ne6 50. Rd2 Ra4 51. Bb6 h4 52. Kb5 Ra8 53.
c6 h3 54. c7 Rh8 55. Ka6 Kg6 56. Kb7 Nxc7 57. Bxc7 Kg5 58. a4 f5 59. Rf2 Rh4 60.
Bd8+ 1-0

[Event "IMSA World Masters Blitz"]
[Site "Hengshui CHN"]
[Date "2019.05.17"]
[Round "2.1"]
[White "Le, Quang Liem"]
[Black "Andreikin, Dmitry"]
[Result "0-1"]
[WhiteTitle "GM"]
[BlackTitle "GM"]
[WhiteElo "2704"]
[BlackElo "2722"]
[WhiteFideId "12401137"]
[BlackFideId "4158814"]
[EventDate "2019.05.17"]

1. e4 e5 2. Nf3 Nc6 3. Bb5 Nf6 4. d3 Bc5 5. O-O Nd4 6. Be3 O-O 7. Nxd4 exd4 8.
Bg5 h6 9. Bh4 Be7 10. Nd2 d5 11. e5 Ng4 12. Bg3 c6 13. Ba4 h5 14. h3 Nh6 15.
Qxh5 Qa5 16. Bf4 Qxa4 17. Bxh6 gxh6 18. Qxh6 Qxc2 19. Nb3 Qxd3 20. Kh2 c5 21.
Rac1 b6 22. Nxd4 cxd4 23. Rc7 Bd8 24. Rc6 Qh7 25. Qf4 Be6 26. Rd1 Qe4 27. Qg3+
Kh7 28. f3 Qh4 29. Qxh4+ Bxh4 30. Rxd4 Bf2 0-1

[Event "IMSA World Masters Blitz"]
[Site "Hengshui CHN"]
[Date "2019.05.17"]
[Round "2.2"]
[White "Dominguez Perez, Leinier"]
[Black "Cheparinov, Ivan"]
[Result "1/2-1/2"]
[WhiteTitle "GM"]
[BlackTitle "GM"]
[WhiteElo "2750"]
[BlackElo "2667"]
[WhiteFideId "3503240"]
[BlackFideId "2905540"]
[EventDate "2019.05.17"]

1. e4 c6 2. d4 d5 3. e5 c5 4. dxc5 e6 5. Nf3 Bxc5 6. Bd3 Ne7 7. O-O Ng6 8. Nbd2
Nc6 9. Nb3 Bb6 10. Re1 O-O 11. Be3 Bc7 12. Bc5 Ngxe5 13. Bxf8 Qxf8 14. Nxe5 Nxe5
15. Bxh7+ Kxh7 16. Rxe5 Bxe5 17. Qh5+ Kg8 18. Qxe5 Bd7 19. Rd1 Rc8 20. c3 b6 21.
h3 f6 22. Qe3 Qf7 23. Qd3 Bc6 24. Nd4 Bd7 25. Nc2 Be8 26. Ne3 Qg6 27. Qd4 Bf7
28. Qb4 Be8 29. Qd6 Qf7 30. Rd4 Qd7 31. Qg3 Qc7 32. Qh4 Bg6 33. Qg4 Kf7 34. Qf3
Qe5 35. Qe2 Qc7 36. Qb5 Qc6 37. Qa6 Rc7 38. Qe2 Be4 39. Qh5+ Bg6 40. Qd1 Be4 41.
Rd2 Bg6 42. h4 Qc5 43. h5 Be4 44. Qg4 Rc8 45. Qf4 Qc7 46. Qg4 Qe5 47. c4 d4 48.
Nf1 Rd8 49. Ng3 Bh7 50. Qf3 Rd7 51. Re2 Qd6 52. Rd2 d3 53. Qe3 Qd4 54. Qxd4 Rxd4
55. b3 e5 56. f3 f5 57. Kf2 f4 58. Nf1 Kf6 59. Rd1 Kg5 60. Nd2 a5 61. Re1 Kf6
62. a3 Bf5 63. b4 axb4 64. axb4 b5 65. Rc1 bxc4 66. Rxc4 Rd5 67. Rc6+ Kg5 68.
Rc7 Kf6 69. Rc6+ Kg5 70. Rc7 Kh6 71. g4 fxg3+ 72. Kxg3 Rb5 73. Rc4 Kxh5 74. Kf2
Kg5 75. Ke3 Kf6 76. Ne4+ Bxe4 77. fxe4 g5 78. Kxd3 Rb6 79. Ke3 g4 80. Kf2 Kg5
81. Kg3 Ra6 82. Rc3 Rb6 83. Rb3 Rb5 84. Rb2 Kh5 85. Rf2 Rxb4 86. Rf5+ Kg6 87.
Rxe5 Kf6 88. Rf5+ Ke6 89. Kxg4 Rxe4+ 90. Rf4 Rxf4+ 91. Kxf4 1/2-1/2

[Event "IMSA World Masters Blitz"]
[Site "Hengshui CHN"]
[Date "2019.05.17"]
[Round "2.4"]
[White "Mamedov, Rauf"]
[Black "Jones, Gawain C B"]
[Result "0-1"]
[WhiteTitle "GM"]
[BlackTitle "GM"]
[WhiteElo "2650"]
[BlackElo "2702"]
[WhiteFideId "13401653"]
[BlackFideId "409561"]
[EventDate "2019.05.17"]

1. e4 e5 2. Nf3 Nc6 3. Bb5 a6 4. Ba4 Nf6 5. Qe2 b5 6. Bb3 Bc5 7. c3 d6 8. O-O
O-O 9. Rd1 Re8 10. d3 h6 11. Nbd2 Be6 12. Bc2 Ng4 13. Rf1 Bb6 14. h3 Nf6 15. Rd1
d5 16. Nf1 Qd7 17. N3h2 Rad8 18. Qf3 Qe7 19. Ng3 dxe4 20. dxe4 Rxd1+ 21. Bxd1
Nh7 22. Bb3 Ng5 23. Bxg5 Qxg5 24. Ng4 Qf4 25. Bxe6 Qxf3 26. gxf3 Rxe6 27. Nf5
Kf8 28. Rd1 h5 29. Nge3 g6 30. Ng3 Bxe3 31. fxe3 Rd6 32. Rd5 Ke7 33. Ne2 f6 34.
Nc1 Na5 35. b3 c6 36. Rxd6 Kxd6 37. Kf2 c5 38. f4 c4 39. b4 Nc6 40. h4 Nd8 41.
Ne2 Ne6 42. f5 Nf8 43. Ng3 Ke7 44. fxg6 Nxg6 45. Nf5+ Kd7 46. Kg3 Ne7 47. Ng7
Nc8 48. Nxh5 Ke6 49. Ng7+ Kf7 50. Nf5 Nb6 51. Nd6+ Ke6 52. Nb7 Na4 53. Nc5+ Nxc5
54. bxc5 b4 55. h5 bxc3 56. h6 Kf7 57. c6 c2 58. c7 c1=Q 59. c8=Q Qxe3+ 60. Kh2
Qxh6+ 61. Kg2 Qd2+ 62. Kg1 Qe1+ 63. Kh2 Qxe4 64. Qxa6 c3 65. Qa7+ Kg6 66. Qg1+
Kf5 67. Qc5 c2 68. Qc8+ Kf4 69. Qc3 Qe2+ 0-1

[Event "IMSA World Masters Blitz"]
[Site "Hengshui CHN"]
[Date "2019.05.17"]
[Round "2.5"]
[White "Fedoseev, Vladimir3"]
[Black "Yu, Yangyi"]
[Result "1/2-1/2"]
[WhiteTitle "GM"]
[BlackTitle "GM"]
[WhiteElo "2683"]
[BlackElo "2739"]
[WhiteFideId "24130737"]
[BlackFideId "8603820"]
[EventDate "2019.05.17"]

1. e4 e5 2. Nf3 Nc6 3. Bb5 a6 4. Ba4 Nf6 5. d3 Bc5 6. Bxc6 dxc6 7. h3 O-O 8. O-O
Re8 9. c3 Nd7 10. d4 Bd6 11. Qc2 f6 12. Nbd2 Qe7 13. Re1 Nf8 14. dxe5 fxe5 15.
Nf1 h6 16. Ng3 Qf7 17. Be3 Be6 18. Nf5 Bxf5 19. exf5 e4 20. Nh4 Rad8 21. g4 Nd7
22. Qb3 Ne5 23. Kg2 Be7 24. Ng6 Nxg6 25. fxg6 Qxb3 26. axb3 Bd6 27. Ra4 Re6 28.
Bc1 Rde8 29. h4 Rxg6 30. Rexe4 Rxe4 31. Rxe4 h5 32. g5 Kf7 33. f4 Re6 34. Kf3 g6
35. Be3 a5 36. Ra4 b6 37. Rc4 c5 38. Ra4 Re8 39. Ra1 Ke6 40. Ke4 Kf7+ 41. Kf3
Ke6 42. Rd1 Ra8 43. Ra1 Kf5 44. Rd1 Ke6 45. Ra1 Kf5 46. Rd1 Ke6 47. Ra1 Kf5 48.
Rd1 Ke6 1/2-1/2

[Event "IMSA World Masters Blitz"]
[Site "Hengshui CHN"]
[Date "2019.05.17"]
[Round "2.7"]
[White "Rapport, Richard"]
[Black "Vidit, Santosh Gujrathi"]
[Result "1/2-1/2"]
[WhiteTitle "GM"]
[BlackTitle "GM"]
[WhiteElo "2736"]
[BlackElo "2707"]
[WhiteFideId "738590"]
[BlackFideId "5029465"]
[EventDate "2019.05.17"]

1. b3 e5 2. Bb2 Nc6 3. c4 Nf6 4. Nf3 e4 5. Nd4 Bc5 6. Nf5 O-O 7. e3 d5 8. cxd5
Nb4 9. Ng3 Nbxd5 10. Be2 Re8 11. a3 Bd6 12. Qc2 Be5 13. Nc3 Nxc3 14. Bxc3 Bxc3
15. Qxc3 c6 16. O-O Be6 17. b4 Qd7 18. h3 Rad8 19. Rfd1 Nd5 20. Qc5 b6 21. Qc2
f5 22. Rac1 Rc8 23. d3 exd3 24. Bxd3 g6 25. Ba6 Rc7 26. Ne2 c5 27. Qb2 Qe7 28.
Bc4 Nf6 29. bxc5 bxc5 30. Nf4 Bxc4 31. Rxc4 Rd8 32. Rdc1 Ne4 33. f3 Nf6 34. Qb3
Qf7 35. Qc2 Rdc8 36. h4 h6 37. Qf2 Nd5 38. Nd3 Qe7 39. e4 fxe4 40. Rxe4 Qd6 41.
Ne5 Re7 42. Nc4 Qf6 43. Rxe7 Nxe7 44. Nd2 Nf5 45. Ne4 Qxh4 46. Qa2+ Kg7 47. Qb2+
Kg8 48. Nf6+ Kf7 49. Ne4 Qe7 50. Re1 c4 51. Qc3 Qd8 52. g4 Qd4+ 53. Qxd4 Nxd4
54. Nd6+ Kf6 55. Nxc8 Nxf3+ 56. Kf2 Nxe1 57. Kxe1 a6 58. Nd6 Kg5 59. Nf7+ Kxg4
60. Nxh6+ Kf4 61. Kd2 g5 62. Kc3 g4 63. Nxg4 Kxg4 64. Kxc4 Kf5 65. Kc5 Ke6 66.
Kb6 Kd7 67. Kxa6 Kc8 68. a4 Kb8 69. a5 Ka8 70. Kb6 Kb8 71. a6 Ka8 72. a7 1/2-1/2

[Event "IMSA World Masters Blitz"]
[Site "Hengshui CHN"]
[Date "2019.05.17"]
[Round "2.8"]
[White "Gelfand, Boris"]
[Black "Bu, Xiangzhi"]
[Result "0-1"]
[WhiteTitle "GM"]
[BlackTitle "GM"]
[WhiteElo "2676"]
[BlackElo "2729"]
[WhiteFideId "2805677"]
[BlackFideId "8601445"]
[EventDate "2019.05.17"]

1. d4 d5 2. c4 c6 3. Nf3 Nf6 4. Nc3 e6 5. Bg5 Nbd7 6. e3 Qa5 7. Nd2 dxc4 8. Bxf6
Nxf6 9. Nxc4 Qc7 10. Rc1 Be7 11. g3 O-O 12. Bg2 Bd7 13. O-O Rfd8 14. a3 a5 15.
Qb3 Be8 16. Rfd1 g6 17. Ne5 Kg7 18. Na4 Ra6 19. Nc5 Ra7 20. Ned3 Kg8 21. Bh3 Rd6
22. Nf4 e5 23. dxe5 Rxd1+ 24. Rxd1 Qxe5 25. Na4 b5 26. Nc3 b4 27. axb4 axb4 28.
Nce2 c5 29. Rc1 Bb5 30. Qc2 Ra2 31. Rb1 Qe4 32. Qxe4 Nxe4 33. Nc1 Ra6 34. Nb3
Bc4 35. Bf1 Bxf1 36. Rxf1 Ra2 37. Rb1 c4 38. Nd5 Bf8 39. f3 Ng5 40. Nd4 b3 41.
Nc3 Ra8 42. h4 Ne6 43. Nxe6 fxe6 44. Kf2 Bg7 45. Rc1 Kf7 46. Ke2 Ke7 47. Nd1 Ra4
48. e4 Kd6 49. Nc3 Bxc3 50. Rxc3 Kc5 51. Rc1 Ra2 52. Rb1 c3 0-1

[Event "IMSA World Masters Blitz"]
[Site "Hengshui CHN"]
[Date "2019.05.17"]
[Round "3.1"]
[White "Bu, Xiangzhi"]
[Black "Jones, Gawain C B"]
[Result "1-0"]
[WhiteTitle "GM"]
[BlackTitle "GM"]
[WhiteElo "2729"]
[BlackElo "2702"]
[WhiteFideId "8601445"]
[BlackFideId "409561"]
[EventDate "2019.05.17"]

1. Nf3 Nf6 2. c4 g6 3. g3 Bg7 4. Bg2 O-O 5. O-O c6 6. b3 d5 7. Bb2 Re8 8. d4 c5
9. dxc5 dxc4 10. Nbd2 Na6 11. c6 cxb3 12. Nxb3 bxc6 13. Ne5 Bb7 14. Nxc6 Qb6 15.
Bd4 Qb5 16. Nba5 Bxc6 17. Nxc6 e5 18. Rb1 Qxb1 19. Qxb1 exd4 20. Ne7+ Rxe7 21.
Bxa8 Nc7 22. Bf3 Ne6 23. Rc1 h5 24. Qb4 Re8 25. Qb7 Ng5 26. Rc8 Nxf3+ 27. exf3
Rxc8 28. Qxc8+ Kh7 29. Qa6 Nd5 30. Qxa7 Nc3 31. Qxf7 d3 32. Qd7 Ne2+ 33. Kf1 Nd4
34. Ke1 Nxf3+ 35. Kd1 Nxh2 36. Qxd3 Ng4 37. Ke2 Kh6 38. a4 Ne5 39. Qd5 g5 40. a5
h4 41. gxh4 gxh4 42. a6 Ng6 43. Qe4 h3 44. a7 1-0

[Event "IMSA World Masters Blitz"]
[Site "Hengshui CHN"]
[Date "2019.05.17"]
[Round "3.2"]
[White "Rapport, Richard"]
[Black "Andreikin, Dmitry"]
[Result "1/2-1/2"]
[WhiteTitle "GM"]
[BlackTitle "GM"]
[WhiteElo "2736"]
[BlackElo "2722"]
[WhiteFideId "738590"]
[BlackFideId "4158814"]
[EventDate "2019.05.17"]

1. b3 d5 2. Bb2 Nf6 3. e3 Bg4 4. f3 Bd7 5. c4 c5 6. f4 d4 7. Nf3 Nc6 8. exd4
cxd4 9. g3 Bf5 10. Bg2 e6 11. a3 h5 12. O-O h4 13. Nxh4 Rxh4 14. gxh4 Bd6 15. d3
Ng4 16. Qf3 Qxh4 17. Qh3 Qxh3 18. Bxh3 O-O-O 19. Nd2 Rh8 20. Bxg4 Bxg4 21. Rae1
g5 22. fxg5 Bxh2+ 23. Kf2 Ne5 24. Bxd4 Nxd3+ 25. Kg2 Nxe1+ 26. Rxe1 Rh5 27. Ne4
Bf4 28. Bg1 Bxg5 29. Nd6+ Kb8 30. Nxf7 Bf4 31. Re4 Bh3+ 32. Kf3 Bc7 33. Ke2 Bf5
34. Rd4 Rh3 35. c5 Rxb3 36. a4 a5 37. Nd6 Rb4 38. Nb5 Rxd4 39. Bxd4 Bd8 40. Be5+
Kc8 41. Nd6+ Kd7 42. Nxb7 Be7 43. Nxa5 Bxc5 44. Nb3 Bb4 45. Nd4 Be4 46. Ke3 Bd5
47. Kd3 Kc8 48. Nc2 Be7 49. Kc3 Kb7 50. Nb4 Bxb4+ 51. Kxb4 Ka6 52. a5 Bc6 53.
Bd4 Kb7 54. Be5 Ka8 55. Kc5 Bb5 56. Kxb5 Kb7 57. a6+ Ka8 58. Kb6 1/2-1/2

[Event "IMSA World Masters Blitz"]
[Site "Hengshui CHN"]
[Date "2019.05.17"]
[Round "3.5"]
[White "Ponomariov, Ruslan"]
[Black "Yu, Yangyi"]
[Result "1/2-1/2"]
[WhiteTitle "GM"]
[BlackTitle "GM"]
[WhiteElo "2675"]
[BlackElo "2739"]
[WhiteFideId "14103320"]
[BlackFideId "8603820"]
[EventDate "2019.05.17"]

1. e4 e5 2. Bc4 Nf6 3. d3 Nc6 4. Nf3 Be7 5. O-O O-O 6. Re1 d6 7. a4 Na5 8. Ba2
c5 9. c3 Nc6 10. Na3 Be6 11. Bxe6 fxe6 12. Bd2 a6 13. Nc4 Rb8 14. Ne3 h6 15. b4
cxb4 16. cxb4 b5 17. axb5 axb5 18. Qb3 Qd7 19. Rec1 Kh7 20. Ra6 Nd4 21. Nxd4
exd4 22. Nf1 Rbc8 23. Rxc8 Rxc8 24. h3 Qb7 25. Ra2 d5 26. Ng3 dxe4 27. dxe4 Rc4
28. e5 Nd5 29. Qd3+ g6 30. Qf3 Bxb4 31. Bxb4 Rxb4 32. Ne4 Ra4 33. Nc5 Qa7 34.
Nxa4 bxa4 35. Qf8 d3 36. Qa3 Qd4 37. Qxa4 Qxe5 38. Qd7+ Qg7 39. Qxe6 Nc3 40. Rd2
Ne2+ 41. Kh2 Qa1 42. Rxe2 dxe2 43. Qxe2 Qf6 44. g3 h5 45. Kg2 Kg7 46. Qe4 Qc3
47. Qe7+ Kg8 48. Qd7 Qe5 49. Qc6 Kg7 50. h4 Qd4 51. Qe6 Qc3 52. Qe7+ Kg8 53. Qe4
Kg7 54. Kf1 Qa1+ 55. Ke2 Qb2+ 56. Ke3 Qc1+ 57. Ke2 Qb2+ 58. Kf3 Qf6+ 59. Kg2 Qc3
60. Qe6 Qd4 61. Kf1 Qd1+ 62. Kg2 Qd4 63. Qe3 Qd5+ 64. f3 Qa2+ 65. Kh3 Qa1 66.
Kg2 Qb2+ 67. Qf2 Qc3 68. Qe2 Qd4 69. Qc2 Qe5 70. Qd2 Qa1 71. Kf2 Qa7+ 72. Ke2
Qa6+ 73. Qd3 Qa2+ 74. Ke3 Qa5 75. Qd4+ Kg8 76. Qf6 Qe1+ 77. Kf4 Qc1+ 78. Ke4
Qe1+ 79. Kf4 Qd2+ 80. Ke5 Qe1+ 81. Kf4 Qd2+ 1/2-1/2

[Event "IMSA World Masters Blitz"]
[Site "Hengshui CHN"]
[Date "2019.05.17"]
[Round "3.6"]
[White "Leko, Peter"]
[Black "Fedoseev, Vladimir3"]
[Result "1/2-1/2"]
[WhiteTitle "GM"]
[BlackTitle "GM"]
[WhiteElo "2674"]
[BlackElo "2683"]
[WhiteFideId "703303"]
[BlackFideId "24130737"]
[EventDate "2019.05.17"]

1. e4 c5 2. Nf3 d6 3. Bb5+ Nd7 4. d4 cxd4 5. Qxd4 a6 6. Bxd7+ Bxd7 7. O-O Rc8 8.
Nc3 e5 9. Qd3 h6 10. Nd2 Nf6 11. Nc4 Be6 12. Ne3 Be7 13. Rd1 O-O 14. Bd2 Qb6 15.
a4 Qd4 16. Be1 Qxd3 17. Rxd3 Rc6 18. f3 Bd8 19. a5 b5 20. axb6 Bxb6 21. Bf2 Ra8
22. Rd2 Bd4 23. Ned1 Bxc3 24. Nxc3 Rb8 25. Nd5 Bxd5 26. exd5 Rcc8 27. b3 Ra8 28.
Ra5 Kf8 29. c4 Nd7 30. Rda2 Rcb8 31. R2a3 Ke7 32. Kf1 Rb7 33. Be1 Rab8 34. b4
Rc8 35. Rxa6 Rxc4 36. Ra7 Rcc7 37. Rxb7 Rxb7 38. Ra5 Nb6 39. Ke2 Nc4 40. Ra6 Nb6
41. Ra5 Nc4 42. Ra6 Nb6 1/2-1/2

[Event "IMSA World Masters Blitz"]
[Site "Hengshui CHN"]
[Date "2019.05.17"]
[Round "3.8"]
[White "Mamedov, Rauf"]
[Black "Gelfand, Boris"]
[Result "1/2-1/2"]
[WhiteTitle "GM"]
[BlackTitle "GM"]
[WhiteElo "2650"]
[BlackElo "2676"]
[WhiteFideId "13401653"]
[BlackFideId "2805677"]
[EventDate "2019.05.17"]

1. e4 e5 2. Nc3 Nf6 3. g3 d5 4. exd5 Nxd5 5. Bg2 Nxc3 6. bxc3 Nc6 7. Nf3 Bc5 8.
O-O O-O 9. d3 f6 10. Nd2 Be6 11. Nb3 Bb6 12. c4 a5 13. a4 Qd7 14. Be3 Rad8 15.
Qe1 Nb4 16. Qc3 Bxe3 17. fxe3 b6 18. d4 Bh3 19. Bxh3 Qxh3 20. d5 Qg4 21. Rf2 Qe4
22. Rd1 Rd7 23. Nc1 Rfd8 24. Qb3 Kh8 25. Nd3 Qxe3 26. Nxb4 Qxb3 27. cxb3 axb4
28. Ra1 Ra8 29. g4 Kg8 30. a5 bxa5 31. Rfa2 c6 32. dxc6 Rda7 33. Rd2 Rc7 34. Rd5
Rxc6 35. Raxa5 Rxa5 36. Rxa5 Rd6 37. Rb5 Rd1+ 38. Kf2 Rd2+ 39. Kg1 Rd1+ 40. Kf2
Rd2+ 41. Kg1 Rd1+ 1/2-1/2

[Event "IMSA World Masters Blitz"]
[Site "Hengshui CHN"]
[Date "2019.05.17"]
[Round "4.2"]
[White "Andreikin, Dmitry"]
[Black "Rapport, Richard"]
[Result "0-1"]
[WhiteTitle "GM"]
[BlackTitle "GM"]
[WhiteElo "2722"]
[BlackElo "2736"]
[WhiteFideId "4158814"]
[BlackFideId "738590"]
[EventDate "2019.05.17"]

1. d4 Nf6 2. c4 e6 3. Nf3 b6 4. g3 Bb7 5. Bg2 Bb4+ 6. Bd2 Be7 7. O-O O-O 8. Nc3
Na6 9. d5 exd5 10. Nh4 c6 11. cxd5 Nxd5 12. Nf5 Nac7 13. e4 Nxc3 14. Bxc3 Ne6
15. Qg4 Bf6 16. e5 Be7 17. Rad1 g6 18. f4 Bc5+ 19. Kh1 h5 20. Qh3 gxf5 21. Qxh5
Ng7 22. Qh6 Qe7 23. Rd6 Ba6 24. Rfd1 Rfd8 25. g4 Be2 26. gxf5 Nxf5 27. Qh3 Bxd1
28. Qxf5 Bxd6 29. exd6 Qe6 30. Qg5+ Qg6 31. Qh4 Qh7 32. Qg5+ Qg6 33. Qh4 Bh5 34.
Bf6 Re8 35. Be7 Qb1+ 0-1

[Event "IMSA World Masters Blitz"]
[Site "Hengshui CHN"]
[Date "2019.05.17"]
[Round "4.4"]
[White "Korobov, Anton"]
[Black "Cheparinov, Ivan"]
[Result "0-1"]
[WhiteTitle "GM"]
[BlackTitle "GM"]
[WhiteElo "2687"]
[BlackElo "2667"]
[WhiteFideId "14105730"]
[BlackFideId "2905540"]
[EventDate "2019.05.17"]

1. d4 Nf6 2. c4 e6 3. Nc3 Bb4 4. e3 O-O 5. Ne2 d5 6. a3 Be7 7. cxd5 exd5 8. Nf4
c6 9. Bd3 Na6 10. O-O Nc7 11. f3 b6 12. Bc2 c5 13. Kh1 Bb7 14. g4 Bd6 15. g5 Nd7
16. dxc5 Nxc5 17. b4 Bxf4 18. exf4 d4 19. bxc5 dxc3 20. Qe1 Nd5 21. f5 Re8 22.
Qh4 Re2 23. Be4 bxc5 24. f6 Rxe4 25. fxe4 Nc7 26. Be3 Qd3 27. Bxc5 Bxe4+ 28. Kg1
Ne6 29. Rad1 Qe2 30. Bf2 Qf3 0-1